000 00773cam a22002293a 4500
001 27669
003 PGUSA
005 20140828083610.0
008 081231s2008||||xxu|||||s|||||000 | eng d
040 _aPGUSA
_beng
042 _adc
050 4 _aF106
100 1 _aWalker, James Herbert
245 1 4 _aThe Johnstown Horror!!! ;
_bor, Valley of Death, being A Complete and Thrilling Account of the Awful Floods and Their Appalling Ruin
_h[electronic resource] /
_cJames Herbert Walker
260 _bProject Gutenberg,
_c2008
506 _aPublic domain in the USA.
516 _aElectronic text
653 _aFloods -- Pennsylvania -- Johnstown (Cambria County)
830 0 _aProject Gutenberg
_v27669
856 4 0 _uhttp://www.gutenberg.org/ebooks/27669
942 _cEB
999 _c256924
_d256924